| Registos Bibliográficos associados ao registo de autoridade |
|
Etiqueta de registo: 00622cas 02200241 04500 001 47221 003 http://id.bnportugal.gov.pt/bib/catbnp/47221 005 19981113174800.0 095 ## $aPTBN00048432 100 ## $a19830701a19839999m y0pora0103 ba 101 0# $apor 102 ## $aPT 200 1# $aCanoa$fpropr. Clube Naútico de Prado 207 #0 $a1 (1983)- 210 #9 $aPrado, Vila Verde$cC.N.P.,$d1983- 215 ## $d30 cm 606 ## $2SIPOR$311266 606 ## $2SIPOR$320945 675 ## $a797.1(05)$vmed$zpor$3794227 712 02 $aClube Naútico de Prado$4650$3213339 801 #0 $aPT$bBN$gRPC 966 ## $lBN$mFGREV$sP.P. 16677 V. 998 ## $aCR186 - 00031
Etiqueta de registo: 00000nkm 2200025 450 001 2270347 003 http://id.bnportugal.gov.pt/bib/catbnp/2270347 100 ## $a20260223d1990 m y0pory01030103ba 101 0# $apor 102 ## $aPT 200 1# $aRegatas de Prado 1990, 1 de julho$bVisual gráfico]$fClube Náutico de Prado 210 #9 $a[S.l.]$cClube Náutico de Prado,$d1990$e[S.l.] :$gTipoprado, artes Gráficas, Lda.) 215 ## $a1 cartaz$ccolor.$d44,5x63,5 cm 316 ## $aDanos nos cantos$5PTBN: CT. 21578 A. 317 ## $aColeção Madeira Luís 710 02 $aClube Naútico de Prado$3213339 801 #0 $aPT$bBN$gRPC 966 ## $lBN$mICONOG$sCT. 21578 A.$x3 971 ## $cCaticonografia6$d20260223 995 ## $aPRR2026 $d20260223$iCaticonografia6
Etiqueta de registo: 00000nkm 2200025 450 001 2275751 003 http://id.bnportugal.gov.pt/bib/catbnp/2275751 100 ## $a20260304d1990 m y0pory01030103ba 101 0# $apor 102 ## $aPT 200 1# $aMaratona do Cávado, Campeonato Nacional, Prado, 22-04-90$bVisual gráfico]$fClube Náutico de Prado, Federação Portuguesa de Canoagem$gJomy 210 #9 $a[S.l.]$cClube Náutico de Prado$cFederação Portuguesa de Canoagem,$d1990 215 ## $a1 cartaz$ccolor.$d61,8x43,5 cm 316 ## $aCartaz contém um pedaço de fita cola na parte superior direita do documento, dano
resultante da remoção de uma fita cola na parte superior esquerda$5PTBN: CT. 23137 A. 317 ## $aColeção Madeira Luís 702 #1 $aJomy$4440$31988922 710 02 $aMaratona do Cávado,$bCampeonato Nacional,$ePrado (Vila Verde),$f1990$31988921 712 02 $aClube Naútico de Prado$4557$3213339 712 02 $aFederação Portuguesa de Canoagem$4557$349396 801 #0 $aPT$bBN$gRPC 966 ## $lBN$mICONOG$sCT. 23137 A.$x3 971 ## $cCaticonografia1$d20260304 995 ## $aPRR2026
|
|
|